000 00347nam a2200145Ia 4500
008 220204s9999 xx 000 0 und d
082 _a632.9:633
_bROS;2
100 _aROSE, G J
245 0 _aCrop protection
260 _aNew York
_bChemical Pub Co
_c1955
650 _aCrop protection
650 _aDusting
650 _aSpraying
942 _cBK
999 _c19773
_d19773